00622nam a2200181Ia 4500008004100000020001500041050002500056100001800081245006200099260004100161300002300202504005500225520002200280650007500302650002000377650002100397650002200418150610s9999 xx 000 0 und d a043965548X aPZ7b.R797p 1999   aRowling, J.K. aHarry Potter and the prisoner of Azkaban /cJ.K. Rowling. aNew York : bScholastic Inc.,c1999. a547pages ;c18 cm. aSequel to: Harry Potter and the Chamber of secrets aJuvenile fiction. aHogwarts school of witchcraft and wizardry (Imaginary place)xFiction. aMagicxFiction. aSchoolsbFiction aWizardsbFiction.